000 00681nam a2200181 a 4500
008 120416s1976 ||||||||||||||||| || u
020 _a0521291461
050 _aQC 806 App
100 _aTelford, W. M. (William Murray), 1917-
245 1 0 _aApplied geophysics
_cedited by W. M. Telford
260 _aCmabridge
_bCambridge University Press
_c1976
300 _axvii, 860p. : ill.
350 _a0.00
500 _aIncludes bibliographies and indexes.
650 0 _aPHYSICS
650 _aProspecting--Geophysical methods
995 _D0.00
_FCBU-MAIN LIBRARY (Kitwe)
_H1
_I19.50
_M1
_UAVAILABLE
_ZMain Library Open Access Collection
999 _c34561
_d34561